<?xml version="1.0" encoding="UTF-8"?>
<record
    xmlns:xsi="http://www.w3.org/2001/XMLSchema-instance"
    xsi:schemaLocation="http://www.loc.gov/MARC21/slim http://www.loc.gov/standards/marcxml/schema/MARC21slim.xsd"
    xmlns="http://www.loc.gov/MARC21/slim">

  <leader>00876nam a22002535i 4500</leader>
  <datafield tag="999" ind1=" " ind2=" ">
    <subfield code="c">8023</subfield>
    <subfield code="d">8023</subfield>
  </datafield>
  <controlfield tag="001">991061283894006706</controlfield>
  <controlfield tag="003">OSt</controlfield>
  <controlfield tag="005">20250514105222.0</controlfield>
  <controlfield tag="008">250220s2025    sp |||||||||||0|| 0 spa|c</controlfield>
  <datafield tag="020" ind1=" " ind2=" ">
    <subfield code="a">9791387552343</subfield>
  </datafield>
  <datafield tag="040" ind1=" " ind2=" ">
    <subfield code="c">CDMR</subfield>
    <subfield code="b">cat</subfield>
  </datafield>
  <datafield tag="100" ind1="1" ind2=" ">
    <subfield code="a">Polo, Irene,</subfield>
    <subfield code="d">1909-1942,</subfield>
    <subfield code="e">autor</subfield>
  </datafield>
  <datafield tag="245" ind1="1" ind2="4">
    <subfield code="a">Una intrusa en la prensa :</subfield>
    <subfield code="b">periodismo y rep&#xFA;blica (1927-1931) /</subfield>
    <subfield code="c">edici&#xF3;n de Francesc Delgado</subfield>
  </datafield>
  <datafield tag="264" ind1=" " ind2="1">
    <subfield code="a">Sevilla:</subfield>
    <subfield code="b">Editorial Renacimiento,</subfield>
    <subfield code="c">2025</subfield>
  </datafield>
  <datafield tag="300" ind1=" " ind2=" ">
    <subfield code="a">348 p&#xE0;gines ;</subfield>
    <subfield code="c">24 cm</subfield>
  </datafield>
  <datafield tag="490" ind1="1" ind2=" ">
    <subfield code="a">Los cuatro vientos ;</subfield>
    <subfield code="v">19</subfield>
  </datafield>
  <datafield tag="504" ind1=" " ind2=" ">
    <subfield code="a">Inclou bibliografia</subfield>
  </datafield>
  <datafield tag="600" ind1="1" ind2="7">
    <subfield code="a">Polo, Irene,</subfield>
    <subfield code="d">1909-1942</subfield>
  </datafield>
  <datafield tag="650" ind1=" " ind2="7">
    <subfield code="a">Periodisme</subfield>
    <subfield code="z">Espanya</subfield>
    <subfield code="x">Hist&#xF2;ria</subfield>
    <subfield code="y">1927-1931</subfield>
  </datafield>
  <datafield tag="650" ind1=" " ind2="0">
    <subfield code="a">Dones periodistes</subfield>
    <subfield code="z">Catalunya</subfield>
    <subfield code="9">2913</subfield>
    <subfield code="v">Biografia</subfield>
  </datafield>
  <datafield tag="700" ind1="1" ind2=" ">
    <subfield code="a">Delgado de Dios, Francesc,</subfield>
    <subfield code="e">editor literari</subfield>
  </datafield>
  <datafield tag="830" ind1=" " ind2="0">
    <subfield code="a">Cuatro vientos (Editorial Renacimiento) ;</subfield>
    <subfield code="v">19</subfield>
  </datafield>
  <datafield tag="942" ind1=" " ind2=" ">
    <subfield code="2">udc</subfield>
    <subfield code="c">MON</subfield>
  </datafield>
  <datafield tag="952" ind1=" " ind2=" ">
    <subfield code="0">0</subfield>
    <subfield code="1">0</subfield>
    <subfield code="4">0</subfield>
    <subfield code="7">0</subfield>
    <subfield code="a">CDMR</subfield>
    <subfield code="b">CDMR</subfield>
    <subfield code="d">2025-05-14</subfield>
    <subfield code="e">Donaci&#xF3;</subfield>
    <subfield code="g">22.70</subfield>
    <subfield code="l">0</subfield>
    <subfield code="o">Du 5/58</subfield>
    <subfield code="p">CDMR25050008</subfield>
    <subfield code="r">2025-05-14</subfield>
    <subfield code="w">2025-05-14</subfield>
    <subfield code="y">MON</subfield>
  </datafield>
</record>
